Uplatnenie metódy A3 reportov v procese lisovania a montáže

Enregistré dans:
Détails bibliographiques
Auteur principal: Paulenová, Dominika (Auteur)
Autres auteurs: Lestyánszka Škůrková, Katarína (Directeur de thèse)
Format: Manuscrit Livre
Langue:slovaque
Publié: 2022
Sujets:
Accès en ligne:http://is.stuba.sk/zp/portal_zp.pl?podrobnosti=166521
Tags: Ajouter un tag
Pas de tags, Soyez le premier à ajouter un tag!

MARC

LEADER 00000ntm a22000003a 4500
001 stuzp88956
003 SK-STU
005 20220611211606.5
007 ta
008 150427s2015----xo-----f-mn---000-0-slo-d
040 |a STU  |b slo 
041 0 |a slo 
100 1 |a Paulenová, Dominika  |u 064000  |k Z4  |4 aut  |U MTF Materiálovotechnologická fakulta  |T MTF Ústav priemyselného inžinierstva a manažmentu  |X 91472  |U M4000  |Y 84  |7 91472 
242 0 1 |a Using the A3 report method in pressing process  |y eng 
245 1 0 |a Uplatnenie metódy A3 reportov v procese lisovania a montáže 
260 |c 2022 
650 4 |a proces  |2 slo 
650 4 |a A3 report  |2 slo 
650 4 |a zlepšovanie procesov  |2 slo 
650 4 |a process improvement  |2 eng 
650 4 |a A3 report  |2 eng 
650 4 |a process  |2 eng 
700 1 |a Lestyánszka Škůrková, Katarína  |u 064000  |k Z1  |4 ths  |U MTF Materiálovotechnologická fakulta  |T MTF Ústav priemyselného inžinierstva a manažmentu  |X 61397  |U M4000  |Y 84  |7 61397 
856 4 |u http://is.stuba.sk/zp/portal_zp.pl?podrobnosti=166521 
996 |c M* DP-14998  |l MMSKP  |s P  |a 0  |w stuzp88956_0001